000
00228nam a22000857a 4500
008
160924b xxu||||| |||| 00| 0 eng d
100
_9
727
_a
Bhardwaj.M.etal
245
_a
Computer Series-5
260
_a
New Delhi
_b
PMP. Publications
_c
2012
999
_c
3384
_d
3384